01193cam a22002771 4500001001300000003000400013005001700017008004100034010001700075035001900092040002400111042001200135050001600147082002500163100003600188245012200224260004700346300004600393490005700439500013000496500012400626500009900750650002500849650002400874999001700898l 42000141 DLC20260227111538.0750910s1942 xx f000 0 eng  al 42000141  a(OCoLC)1615267 aDLCcFMdOCoLCdDLC apremarc00aRJ206b.R66 a612.39a(362.706173)1 aRoberts, Lydia J.q(Lydia Jane)18a... The road to good nutrition,cby Lydia J. Roberts in collaboration with members of the Children's bureau staff ... aWashington,bU.S. Govt. print off.,c1942. av, 54 p.bfront., plates, diagrs.c23 cm.0 aU. S. Children's bureau. Bureau publicationvno. 270 aAt head of title: United States Dept. of labor, Frances Perkins, secretary. Children's bureau, Katharine F. Lenroot, chief. a"Much of the material in this bulletin was based by Dr. Roberts on her textbook, Nutrition work with children."--p. ii. a"Selected publications of the federal government with regard to nutrition in children": p. 54. 0aChildrenxNutrition. 0aInfantsxNutrition. c36394d36394